header

Welfare reform in California (Record no. 1700)

MARC details
000 -LEADER
fixed length control field 01645nam a2200373 a 4500
245 00 - TITLE STATEMENT
Title Welfare reform in California
260 ## - PUBLICATION, DISTRIBUTION, ETC. (IMPRINT)
Place of publication Santa Monica, CA :
Name of publisher Rand,
Year of publication 1999.
300 ## - PHYSICAL DESCRIPTION
Number of Pages xxii, 95 p. :
Other physical details ill.
500 ## - GENERAL NOTE
General note "MR-1051-CDSS"--P. [4] of cover.
General note "Prepared for the California Department of Social Services."
General note Accompanied by: Executive summary. xi, 23 p. : ill. ; 28 cm.
650 #0 - SUBJECT ADDED ENTRY--TOPICAL TERM
Topical Term Welfare recipients
Topical Term Public welfare
700 1# - ADDED ENTRY--PERSONAL NAME
Personal name Zellman, Gail.
856 40 - ELECTRONIC LOCATION AND ACCESS
Uniform Resource Identifier http://site.ebrary.com/lib/rucke/Doc?id=5002323

No items available.

© 2026 Rongo University
Contact us: librarian | system librarian | Rongo university